<?xml version="1.0" encoding="UTF-8"?><?xml-stylesheet type="text/xsl" href="static/style.xsl"?><OAI-PMH xmlns="http://www.openarchives.org/OAI/2.0/" xmlns:xsi="http://www.w3.org/2001/XMLSchema-instance" xsi:schemaLocation="http://www.openarchives.org/OAI/2.0/ http://www.openarchives.org/OAI/2.0/OAI-PMH.xsd"><responseDate>2026-04-18T10:05:50Z</responseDate><request verb="GetRecord" identifier="oai:recam.amb.cat:20.500.14439/2415" metadataPrefix="marc">https://recam.amb.cat/rest/oai/request</request><GetRecord><record><header><identifier>oai:recam.amb.cat:20.500.14439/2415</identifier><datestamp>2025-03-26T10:35:39Z</datestamp><setSpec>com_20.500.14439_126</setSpec><setSpec>col_20.500.14439_142</setSpec></header><metadata><record xmlns="http://www.loc.gov/MARC21/slim" xmlns:dcterms="http://purl.org/dc/terms/" xmlns:xsi="http://www.w3.org/2001/XMLSchema-instance" xmlns:doc="http://www.lyncode.com/xoai" xsi:schemaLocation="http://www.loc.gov/MARC21/slim http://www.loc.gov/standards/marcxml/schema/MARC21slim.xsd">
   <leader>00925njm 22002777a 4500</leader>
   <datafield ind2=" " ind1=" " tag="042">
      <subfield code="a">dc</subfield>
   </datafield>
   <datafield ind2=" " ind1=" " tag="720">
      <subfield code="a">Àrea Metropolitana de Barcelona</subfield>
      <subfield code="e">author</subfield>
   </datafield>
   <datafield ind2=" " ind1=" " tag="260">
      <subfield code="c">2014-01-01</subfield>
   </datafield>
   <datafield ind2=" " ind1=" " tag="520">
      <subfield code="a">Dossier sobre salut ambiental i prevenció de la contaminació acústica amb l'objectiu de donar a conèixer els efectes que la qualitat de l'entorn té sobre la nostra salut. Es descriuen els conceptes clau a partir de continguts molt visuals i es proposen dues activitats sobre salut ambiental i cinc d'específiques sobre contaminació acústica. Les activitats pretenen fomentar la descoberta de l'entorn proper a partir de l'observació directa, entendre el fenomen de la contaminació acústica i fomentar la participació activa. El contingut de la guia dona eines als mestres per tal de treballar la diferència entre el so i el soroll, les característiques del so, la mesura i les fonts de soroll, els efectes de la contaminació acústica sobre la salut i les bones pràctiques de prevenció. Es poden consultar els sorolls al  Banco de imágenes y sonidos de l'Institut Nacional de Tecnologies Educatives i de Formació del Professorat.</subfield>
   </datafield>
   <datafield ind1="8" ind2=" " tag="024">
      <subfield code="a">https://hdl.handle.net/20.500.14439/2415</subfield>
   </datafield>
   <datafield ind1="8" ind2=" " tag="024">
      <subfield code="a">739009</subfield>
   </datafield>
   <datafield tag="653" ind2=" " ind1=" ">
      <subfield code="a">Contaminació acústica</subfield>
   </datafield>
   <datafield tag="653" ind2=" " ind1=" ">
      <subfield code="a">Educació ambiental</subfield>
   </datafield>
   <datafield tag="653" ind2=" " ind1=" ">
      <subfield code="a">Soroll</subfield>
   </datafield>
   <datafield ind2="0" ind1="0" tag="245">
      <subfield code="a">Stop soroll!: Prevenció de la contaminació acústica. Guia didàctica</subfield>
   </datafield>
</record></metadata></record></GetRecord></OAI-PMH>